| 000 | 00665nam a2200241Ia 4500 | ||
|---|---|---|---|
| 003 | OSt | ||
| 005 | 20221007074636.0 | ||
| 006 | a|||||r|||| 00| 0 | ||
| 007 | ta | ||
| 008 | 221006b |||||||| |||| 00| 0 eng d | ||
| 024 | _a19,981 | ||
| 037 | _cTextual | ||
| 040 |
_aFLL _cFLL _beng |
||
| 041 |
_2eng _aeng |
||
| 082 | _aD65,8(B):Z2, P3.1 | ||
| 100 |
_aRao S.V.Joga Au. _9693034 |
||
| 245 | 0 | _aComputer contracts and information technology law | |
| 260 |
_aNagpur _bWadhwa and Com. India _c2003 |
||
| 300 |
_alxx,981p _ccm. |
||
| 490 | _vVol.3 | ||
| 942 |
_hD65,8(B):Z2, P3.1 _cTEXL _2CC |
||
| 999 |
_c1153180 _d1153180 |
||